| 000 | 01000nam a22002057a 4500 | ||
|---|---|---|---|
| 999 |
_c59372 _d59372 |
||
| 003 | Ge_BSU | ||
| 005 | 20230201105443.0 | ||
| 008 | 230201s2003 ge ||||| |||| 00| 0 geo d | ||
| 020 | _a9992897651 | ||
| 041 | _ageo | ||
| 080 | _a343.23/24+902.7(479.22) ჯ-19 | ||
| 100 |
_aჯალაბაძე, დავით _94361 |
||
| 245 |
_aდანაშაული და სასჯელი ქართულ ჩვეულებით (ხალხურ) სამართალში (ფშავის ჩვეულებითი სამართლის მიხედვით) / _cდავით ჯალაბაძე; [რედ.: ბ. ზოიძე]. |
||
| 264 |
_aთბილისი : _bუნივერსალი, _c2003. |
||
| 300 |
_a186გვ. ; _b20სმ. |
||
| 653 | _aდანაშაული | ||
| 653 | _a სასჯელი | ||
| 653 | _a ქართული ჩვეულებითი სამართალი | ||
| 942 |
_2udc _cBK |
||